| 000 | nam a22 a 4500 | ||
|---|---|---|---|
| 999 |
_c3703 _d3703 |
||
| 005 | 20170523153615.0 | ||
| 008 | 170523b1988 ||||| |||| 00| 0 eng d | ||
| 020 | _a0914886355 | ||
| 020 | _a0914886363 (pbk) | ||
| 040 | _aAKMAL | ||
| 082 | _a712.022/2 HAZ | ||
| 090 |
_a712.022/2 _bHAZ |
||
| 245 |
_aLand Form Designs / _cThomas C. Hazlett |
||
| 260 |
_aArizona _bPDA Publishers _c1988 |
||
| 300 |
_a375 p. _ccm |
||
| 942 |
_2ddc _cBOOK |
||